West Ham United: The Premier League Years - Statistics

General Stats
  • This quiz has been taken 177 times
    38 since last reset
  • The average score is 29 of 70
Answer Stats
Answer % Correct
Jarrod Bowen
97%
David Moyes
92%
Michail Antonio
89%
Graham Potter
83%
Mark Noble
83%
Declan Rice
81%
Slaven Bilić
72%
Carlton Cole
67%
Dimitri Payet
67%
Joe Cole
67%
Julen Lopetegui
67%
Łukasz Fabiański
67%
Sam Allardyce
67%
Tomáš Souček
67%
Kevin Nolan
64%
Harry Redknapp
61%
Kurt Zouma
61%
Paolo Di Canio
61%
Aaron Cresswell
58%
Gianfranco Zola
56%
Manuel Pellegrini
56%
Alan Pardew
53%
Frank Lampard
53%
Saïd Benrahma
53%
Scott Parker
53%
Rio Ferdinand
50%
Aaron Wan-Bissaka
47%
Alan Curbishley
44%
Winston Reid
44%
Adrián
42%
Avram Grant
42%
Julian Dicks
42%
Carlos Tévez
36%
Diafra Sakho
36%
Jermain Defoe
36%
Marko Arnautović
36%
Bobby Zamora
33%
Marlon Harewood
33%
Max Kilman
33%
Tony Cottee
33%
Billy Bonds
31%
Ian Wright
31%
John Hartson
31%
Steve Potts
31%
Trevor Sinclair
31%
Angelo Ogbonna
28%
David James
28%
Frédéric Kanouté
28%
James Ward-Prowse
28%
Glenn Roeder
25%
Lucas Neill
25%
Matthew Upson
25%
Robert Green
25%
Stuart Pearce
25%
Paul Kitson
22%
Steve Lomas
22%
Dean Ashton
19%
Nigel Reo-Coker
19%
Shaka Hislop
19%
Trevor Brooking
19%
Cheikhou Kouyaté
17%
Issa Diop
17%
Luděk Mikloško
17%
Christian Dailly
11%
Jussi Jääskeläinen
11%
Danny Gabbidon
8%
Paul Konchesky
8%
Trevor Morley
8%
George McCartney
6%
Sébastien Schemmel
3%
No matching quizzes found
Score Distribution
Percent of People with Each Score
Percentile by Number Answered
Your Score History
You have not taken this quiz since the last reset